书目信息 |
| 题名: |
文化与自我
|
|
| 作者: | 朱滢 著 | |
| 分册: | ||
| 出版信息: | 北京 北京师范大学出版社 2007 |
|
| 页数: | 367页 | |
| 开本: | 24cm | |
| 丛书名: | 当代中国心理学家文库 | |
| 单 册: | ||
| 中图分类: | B017.9 , B84 | |
| 科图分类: | ||
| 主题词: | 自我 , 自我--研究 , 心理学 | |
| 电子资源: | ||
| ISBN: | 978-7-303-08377-0 | |
| 000 | 00860oam2 2200289 450 | |
| 001 | 1239934302 | |
| 005 | 20120928110705.04 | |
| 010 | @a978-7-303-08377-0@dCNY38.00 | |
| 100 | @a20070327d2007 em y0chiy50 ea | |
| 101 | 0 | @achi |
| 102 | @aCN@b110000 | |
| 105 | @aa z 000yy | |
| 106 | @ar | |
| 200 | 1 | @a文化与自我@Awen hua yu zi wo |
| 210 | @a北京@c北京师范大学出版社@d2007 | |
| 215 | @a367页@c图@d24cm | |
| 225 | 2 | @a当代中国心理学家文库@i朱滢卷 |
| 330 | @a本书收集了作者2O00年以后撰写的文章。分为:哲学的自我;关于自我的心理学研究;我们对自我进行神经科学研究的结果等六个专题。 | |
| 461 | 0 | @1001003201174 |
| 606 | 0 | @a自我 |
| 606 | 0 | @a自我@x研究 |
| 606 | 0 | @a心理学 |
| 690 | @aB017.9@v4 | |
| 690 | @aB84@v4 | |
| 701 | 0 | @a朱滢@f(1939.1~)@4著@Azhu ying |
| 801 | 0 | @aCN@b110120@c20070214 |
| 905 | @a10447@dB84@eJY384 | |
| 文化与自我.-北京:北京师范大学出版社,2007 |
| 367页:图;24cm .-(当代中国心理学家文库.朱滢卷 ) |
| ISBN 978-7-303-08377-0:CNY38.00 |
| 本书收集了作者2O00年以后撰写的文章。分为:哲学的自我;关于自我的心理学研究;我们对自我进行神经科学研究的结果等六个专题。 |
| ● |
| 相关链接 |
|
|
|
|
正题名:文化与自我
索取号:B84/JY384
 
预约/预借
| 序号 | 登录号 | 条形码 | 馆藏地/架位号 | 状态 | 备注 |
| 1 | 7804146 | 278041469 | 学院路分馆/ [索取号:B84/JY384] | 在馆 | |
| 2 | 7804147 | 278041478 | 学院路分馆/ [索取号:B84/JY384] | 在馆 |